La segunda enseñanza / (Record no. 2219)

MARC details
000 -LEADER
campo de control de longitud fija 01086nas a2200289 i 4500
001 - NÚMERO DE CONTROL
campo de control 2219
003 - IDENTIFICADOR DE NÚMERO DE CONTROL
campo de control ES-MaACL
005 - FECHA Y HORA DE LA ÚLTIMA TRANSACCIÓN
campo de control 20250828062530.0
007 - CAMPO FIJO DE DESCRIPCIÓN FÍSICA--INFORMACIÓN GENERAL
campo de control de longitud fija t|
008 - DATOS DE LONGITUD FIJA--INFORMACIÓN GENERAL
campo de control de longitud fija 950801d19221927sp | | 1 ||pa d
080 ## - NÚMERO DE LA CLASIFICACIÓN DECIMAL UNIVERSAL
Número de la Clasificación Decimal Universal (460)
080 ## - NÚMERO DE LA CLASIFICACIÓN DECIMAL UNIVERSAL
Número de la Clasificación Decimal Universal 37
245 03 - MENCIÓN DEL TÍTULO
Título La segunda enseñanza /
Mención de responsabilidad, etc. dir., José Rogerio Sánchez.
246 13 - FORMA VARIANTE DEL TITULO
Título propio/Titulo breve Revista de segunda enseñanza
260 ## - PUBLICACIÓN, DISTRIBUCIÓN, ETC.
Lugar de publicación, distribución, etc. Madrid :
Nombre del editor, distribuidor, etc. [s.n.],
Fecha de publicación, distribución, etc. 1922-1927 (
Fabricante Imp. de los Hijos de Gómez Fuentenebro)
300 ## - DESCRIPCIÓN FÍSICA
Extensión 3 v. ;
Dimensiones 21 cm.
310 ## - PERIODICIDAD ACTUAL
Periodicidad actual Mensual, excepto jun.-ag.,
Fecha de comienzo de la periodicidad actual 1926-27
321 ## - PERIODICIDAD ANTERIOR
Periodicidad anterior Mensual, excepto jul.-sept.,
Fechas de la periodicidad anterior 1922
321 ## - PERIODICIDAD ANTERIOR
Periodicidad anterior Trimestral,
Fechas de la periodicidad anterior 1924-1925
362 0# - FECHAS DE PUBLICACIÓN Y/O DESIGNACIÓN SECUENCIAL
Fecha de publicación y/o designación secuencial Año I, nº 1 (en. 1922)-año 1, nº 9 (dic. 1922) ; 2ª época, año 2, nº 10 (1 abr. 1924)-año 5, nº 36 (dic. 1927)
547 ## - NOTA DE RELACIÓN COMPLEJA CON LOS TÍTULOS ANTERIORES
Nota de relación compleja con los títulos anteriores En dic. 1922 deja de publicarse y se reanuda en abril 1924 con el título de: Revista de segunda enseñanza.
650 #7 - PUNTO DE ACCESO ADICIONAL DE MATERIA--TÉRMINO DE MATERIA
Término de materia o nombre geográfico como elemento de entrada Educación
Fuente del encabezamiento o término embne
9 (RLIN) 12073
700 1# - ENTRADA AGREGADA--NOMBRE PERSONAL
Nombre de persona Sánchez, José Rogerio,
Fechas asociadas al nombre 1876-1949
9 (RLIN) 102387
852 ## - LOCALIZACIÓN
Ubicación ES-MaACL
Número de control de estantería HEM-H-241
Encuadernación hem-1405
Signatura antigua
866 #0 - MENCIÓN TEXTUAL DE FONDOS--UNIDAD BIBLIOGRÁFICA BÁSICA
Fondos 1922.1924-26.
Holdings
Estatus retirado Estado de pérdida Estado de daño No para préstamo Colección Biblioteca de origen Biblioteca actual Ubicación en estantería Fecha de adquisición Fuente de adquisición Total de préstamos Signatura topográfica completa Código de barras Visto por última vez Precio de reemplazo Tipo de ítem Koha
        Periódicos y Revistas Biblioteca del Ateneo de Madrid Biblioteca del Ateneo de Madrid Hemeroteca 17/01/2008     HEM-H-241 1002259 23/02/2023 23/02/2023 Revista